000 00605nam a22001817a 4500
005 20260311114323.0
010 _aBACEN26
020 _a9789364689618
_c1099.00
037 _bS Chand and Company Limited
082 _a000
100 _aGrover, Sudhir
_988285
245 _aMCA Entrance Examinations /
_cSudhir Grover [and] Arpana Grover
260 _aNew Delhi
_bS Chand and Company Limited
_c2025
270 _aA-27,2nd floor Mohan Co-Operative Industrial Estate
_bNew Delhi
_e110044
300 _a1053p.
_c27cm(pb)
700 _aGrover, Arpana
_987496
942 _2ddc
_cEN
_h000
_mGRO
999 _c214988
_d214988